| 000 | 00570nam a2200205Ia 4500 | ||
|---|---|---|---|
| 001 | 12467 | ||
| 003 | GE_BSU | ||
| 008 | 181216s||||||||xx |||||||||||||| ||und|| | ||
| 040 | _cGE_BSU | ||
| 080 | _a634.1(075.32) | ||
| 245 | _aПлодоводство | ||
| 245 | _bУч. пособ. для средних сель-хоз учебн. завед | ||
| 245 | _cПод.ред. Трусевича,Г.В.. | ||
| 260 | _aМосква | ||
| 260 | _bКолос | ||
| 260 | _c1975 | ||
| 300 | _a575стр.илл.21см. | ||
| 653 | _aПлодоводство | ||
| 942 | _cBK | ||
| 999 |
_c45641 _d45641 |
||